00000000nam##2200000za#4500
0019.679132
003CaOODSP
00520220107134005
007ta
008150407|1994||||xxc|||||     f|0| 0 fre|d
020 |a0-662-98908-2
040 |aCaOODSP|bfre
043 |an-cn---
0861 |aH72-21/97-1994F
1102 |aCentre national d'information sur la violence dans la famille (Canada)
24510|aGuide de ressources en matière de violence familiale à l'intention des communautés autochtones / |cpar David McTimoney.
260 |aOttawa - Ontario : |bSanté Canada. |c1994.
300 |av, 49p. : |bfigures, références ; |c28 cm.
563 |aCouverture souple
590 |a94-08|b1994-02-25
69107|aViolence familiale|2gcpds
69107|aAutochtones|2gcpds
7201 |aMcTimoney, David
77508|tA resource guide on family issues for aboriginal communities / |w(CaOODSP)9.645462